000 00652nam a22002057a 4500
003 NUST
005 20230218150019.0
008 180718b ||||| |||| 00| 0 eng d
020 _qHBK.
038 _aAtta
082 _a616.89
100 _4Javed, Marium
245 _aTeachers Knowledge, Attitude and Practice (KAP) towards Children Mental Health Issues
_cMarium Javed.
260 _aIslamabad:
_bS3H - NUST,
_c2013.
300 _a113 p. : ill. ;
_c30cm.
650 _aClinical Psychology - MS Thesis.
_918933
700 _aDr. Tamkeen Ashraf Malik.
_918937
856 _uhttp://10.250.8.41:8080/xmlui/handle/123456789/3641
942 _2ddc
_cTHE
999 _c478779
_d478779